Представление документа в формате RUSMARC

ПолеНазваниеЗначение
  Тип записи a
  Библиографический уровень m
001 Контрольный номер RU/CBS_UL/BASE/b39e43e32ccd4b24aad5793919566a5a
005 Дата корректировки 20240419085431.8
010 Индекс ISBN __
a ISBN 5-699-07918-1
b Уточнения в пер.
d Цена 32 р. 63 к.
9 Тираж 5 100 экз.
100 Данные общей обработки __
a Данные общей обработки 20140116d2014 ||| 0rusy0189 ca
101 Язык документа 0_
a Язык текста rus
102 Страна публикации __
a Страна публикации RU
105 Кодированные данные (монография) __
a Кодированные данные (монография) y###||||000|y
181 Поле кодированных данных: вид содержания _1
a Код вида содержания (ISBD) i#
b Код характеристики содержания (ISBD) #xxe##
d i
g x
h x
i e
182 Поле кодированных данных: тип средства _1
a Код типа средства (ISBD) n
2 Код системы (источник кода, отличный от ISBD) isbdmedia
200 Заглавие и сведения об ответственности 1_
a Заглавие Вечера на хуторе близ Диканьки
b Общее обозначение материала Текст
e Сведения, относящиеся к заглавию повести
f Первые сведения об ответственности Н. В. Гоголь
w Текст (визуальный) : непосредственный
203 Вид содержания и тип средства __
a Вид содержания Текст
b Характеристика содержания визуальный
c Тип средства непосредственный
210 Выходные данные 1_
a Место издания Москва
c Издательство ЭКСМО
d Дата издания 2005
215 Физическое описание __
a Объем 538, [2] с.
d Формат 20,5 см.
225 Серия 0_
a Серия Русская классика
300 Общие примечания __
a Общие примечания Содерж.: Вечера на хуторе близ Диканьки ; Миргород
300 Общие примечания __
a Общие примечания 12+
606 Тематические рубрики 0_
a Основная рубрика Русская литература, 19 в. - Проза
610 Ключевые слова 0_
a Ключевые слова проза русская
a Ключевые слова повести
a Ключевые слова классика русская
a Ключевые слова юмор
a Ключевые слова сила нечистая
a Ключевые слова ведьмы
a Ключевые слова гадания
a Ключевые слова колядования
a Ключевые слова литература российская
686 Индексы других классификаций __
a Классификационный индекс 84(2Рос=Рус)1
2 Код системы ББК
700 Автор _1
a Фамилия Гоголь
b Имя (инициалы) Н. В.
g Полное личное имя Николай Васильевич
801 Источник записи _0
a Страна RU
b Организация МБУК ЦБС г. Ульяновска
c Дата составления 20140116
g Правила каталогизации RCR
801 Источник записи _1
a Страна RU
b Организация МБУК ЦБС г. Ульяновска
c Дата составления 20140116
g Правила каталогизации RCR
852 Данные о местонахождении __
i Авторский знак Г 58
j Шифр хранения Р1
900 Электронные ресурсы __
a Имя электронного ресурса вечера на хуторе 2006
901 Тип документа __
t Тип документа m